00671nam a2200241 a 4500001001300000003000900013005001700022008004100039020001000080082001600090100002300106245002100129260003400150300000900184500003500193505001700228650001900245700002300264902000800287942000700295952011200302999001500414nice12345678IN_TiNIC20260116011711.0050524s0000 dela grp 000 0 urd  ac3.500a297.24bTHA aThanwi, Ashraf Ali aNashr-Ut-Taiyyab aDelhibDeeni Book Depo,c0000 a208p aincludes index and biblioraphy2 aBibliography aIslam-Prophecy1 aThanwi, Ashraf Ali bSRS cBK 001040708StackRoom-aHMIbHMId2007-07-19g3.50l0o297.24 THAp09488r2007-07-19v3.50w2005-05-24yBK c3458d3458